02222nam a22002537a 4500003000900000008004100009040007100050082002000121245014800141260003000289300002800319440010900347505124600456650002001702650002001722650001501742650002101757700002801778700002601806700002901832700002001861710003201881710005501913AR-CdUCM190425b ||||| |||| 00| 0 spa d aMUNICIPALIDAD PROVINCIAL DEL CUSCOcBIBLIOTECA MUNICIPAL DEL CUSCO aSitua/N°3/1994 aSitua :bRevista semestral de la Facultad de Medicina Humana /cFacultad de Medicina Humana, Universidad Nacional de San Antonio Abad del Cusco aCusco :b[UNSAAC],c1994. a63 páginas. :c31 cm. aSitua revista semestral de la Facultad de Medicina Humana.nAño,2, N°3,setiembre 1993 - febrero 1994. aContenido: Fiesta del Situa, Fiesta de la salud. Víctor Angles Vargas. -- Mensaje al Hospital Regional del Cusco en su XXX Aniversario. Muñiz Caparo, Jorge. -- Hospital Regional del Cusco 30 años de servicio ala comunidad. Farfán Cantero, Ramiro -- Acción de las micotoxinas producidas por aspergillus suphureus sobre células de cryptococcus neoformans. Vidotto, Valerio. -- Requisitos mínimos para la creación y funcionamiento de facultades de medicina. Paredes Manrique. -- Investigación integral de bocconia pearcei hutchinson. Bloga Urrunaga Soria, Rosa. -- Enfermedad cerebro-vascular factores de riesgo en los adultos nativos de la altura. García Matheus, Julio Cesar. -- Estudio epidemiológico sobre factores de riesgo de la población extranjera migrante para portar el VIH (SIDA). Contreras campana, Camilo. -- Principales causas de mortalidad neonatal en los hospitales Antonio Lorena, Regional, IPPS-Cusco. Flores Eyzaguirre, Rafael. -- Investigación. Gutiérrez Zambrano, Tomas. -- Ejercicio de la medicina y sus normas éticas. Diaz Díaz, Leoncio. -- Homenaje a la medicina peruana por el Consejo Regional VI-Cusco Colegio Medico del Perú. Tupayachi Mogollon, Walter. -- Declaración de Ginebra. aMedicina humana aSalud pública aHospitales aCentros de Salud aAngles Vargas, Víctor aMuñiz Caparo, Jorge aFarfán Cantero, Ramiro aEguchi, Armando aFacultad de Medicina Humana aUniversidad Nacional de San Antonio Abad del Cusco